000 01634nam a22003017a 4500
003 OSt
005 20260304024818.0
008 191022b mp ||||| |||| 00| 0 mon d
040 _aMN-MNUMS
_bMON
_cMN-MNUMS
_dMN-MNUMS
_erda
082 _a030
_bШ-378
_221
100 _aӨнөр, С.
_eзохиогч
_969521
245 _aШашин:
_bАгуу санааг энгийнгээр тайлбарлах нь
264 _aУлаанбаатар:
_bМонсудар,
_c2016.
300 _a352 хуудастай.
_bхүснэгт, зурагтай
440 _x978-99973-1-273-0
_932070
505 _tГарчиг
505 _t--Анхны сүсэг бишрэлүүд балар эртны үеэс
_t--Эртний ба сонгодог үеийн сүсэг бишрэлүүд МЭӨ 3000 оноос
_t--Хиндүизм МЭӨ 1700 оноос
_t--Буддизм МЭӨ VI зуунаас
_t--Жүүдизм МӨЭ 2000 оноос
_t--Христийн шашин МЭ I зуунаас
_t--Лалын шашин МЭ 610 оноос
_t--Орчин үеийн шашнууд XV зуунаас
546 _aмонгол хэл
_b(Крилл)
650 _2танин мэдэхүйн толь
_932070
650 _aнэвтэрхий толь
_932071
650 _aдэлхийн түүх
_919162
700 _aШуламит Амбалу
_932072
_eорчуулсан
700 _aӨнөр С.
_93860
_eорчуулсан
700 _aДэмбэрэл С.
_932081
_eорчуулсан
700 _aПүрэвдорж Ж.
_932082
_eорчуулсан
700 _aАмантай Х.
_932091
_eорчуулсан
942 _2ddc
_cENCP
999 _c15558
_d15558